000 00477nam a2200169 a 4500
005 20140414093844.0
008 090615s19uu xx 00 eng d
050 _aCD 428
_bM84 2008
100 _aMorse, Elizabeth
245 _aIB English B /
_cElizabeth Morse.
260 _aUSA :
_bTeaching Point,
_cc2008.
500 _abook acc. # 17457
650 _aEnglish language
_xstudy and teaching.
650 _aInternational Baccalaureate.
942 _cAVM
999 _c109451
_d109451